000 01157cam a22002054a 4500
005 20250605164227.0
008 250528s ||||||||||||||||||||||||d
035 _a20879
020 _a9789602187784
040 _aGR-AtMCL
_bgre
_dGR-AtMCL
_eAACR2
245 1 _aΣτατιστική και Μεθοδολογία Έρευνας στις Κοινωνικές Επιστήμες
250 _a
260 _bΚριτική,
_c2012
300 _a232
520 _aΈνα βιβλίο που καθιστά τη στατιστική οικεία σε φοιτητές από το χώρο των Ανθρωπιστικών Επιστημών. Πρόλογος, Στοιχειώδες Μέρος Εκπαιδευτικής Έρευνας, Βασικά Στατιστικά Μέτρα, Τ-τέστ, Ανάλυση Διακύμανσης, Συσχέτιση, Παραγοντική Ανάλυση, Παλινδρόμηση, Έλεγχος x2, Ανάλυση Αξιοπιστίας και Εγκυρότητας, Βιβλιογραφία.
700 1 _aΑναστασιάδου Σοφία Δ
_96860
942 _cBK
999 _c5960
_d5960